000 01122nam a2200313 a 4500
001 000112852
003 CHAP
005 20220329144324.0
008 170120s2015 mx sm |||||||spa d
010 _a109313
011 _a110285
040 _cCHAP
090 _aTesis
100 1 _aMedina Enríquez, Minerva
_9131341
245 1 0 _aAcciones estratégicas para la red de valor tilapia de granja en el Estado de Jalisco
_h[En línea]
_cpor Minerva Medina Enriquez.
260 _aChapingo, Méx. :
_bEl autor,
_c2015.
500 _aPara ver el contenido del material haga clic en la liga
502 _aTesis (M. en Estrategia Agroempresarial) -- UACH. CIESTAAM
590 _aE5765TAJ
_b05
_c20170120
_lUCH01
_h0904
590 _aE5765TAJ
_b05
_c20170120
_lUCH01
_h0905
650 1 4 _aAcuicultura
_xInnovaciones tecnológicas
_9771
650 1 4 _aTilapia
_xCooperativa de productores.
_9131343
650 1 4 _aTilapia
_xRedes de valor.
_9131342
650 1 4 _aTilapia
_xRendimiento.
_9127267
856 _aFinding aid
_uhttp://10.13.5.2/tesis/sist112852.pdf
_zTeclea aquí
901 _aBK
942 _cTESIS
942 _n0
999 _c109313
_d109313